00681cam a2200205 a 450000100100000000500170001000800410002702000150006804000200008308200170010310000390012024500410015926000320020030000210023265000280025365000310028191000280031295201200034099900150046000000806820200929154422.0930611s1991 sp 001 0 spa d a8435094022 aDO-SdBNPdBNPHU a863.64bO58c1 aOnaindia, Mario,d1948-200392197610aCuentos nocturnos /cMario Onaindia. aBarcelona :bEdhasa,c1991. a115 p. ;c19 cm. 4aNovela española91123 4aLiteratura española9632 aCatalogación derivada 001052708MOaGRbGRcCTd2009-09-14iLF1l0o863.64 O58cp8068-10r2020-06-25w2020-06-25y2ZPréstamo interno c7845d7845